000 02657cam a22006014i 4500
003 PE-LiUPU
005 20250731184537.0
008 170118t20172017inuab rb 000 0 eng
020 _a1575067668
_q(cloth ;
_qalk. paper)
020 _a9781575067667
_q(cloth ;
_qalk. paper)
035 _a(Sirsi) i9781575067667
035 _a(OCoLC)975246971
_z(OCoLC)990029351
040 _aDLC
_bspa
_erda
_cDLC
_dDTM
_dCGU
_dOCLCO
_dZYU
_dYDX
_dOCLCF
_dOCLCO
_dOCLCQ
_dPE-LiUPU
049 _aPRUA
050 0 0 _aDS110.S63
_bH37 2017
082 0 0 _a933.44
_bH23
_223
100 1 _aHasel, Michael G.,
_eautor.
245 1 0 _aSocoh of the Judean Shephelah :
_bthe 2010 Survey /
_cMichael G. Hasel, Yosef Garfinkel, Shifra Weiss ; contrubuidores: David Ben-Shlomo, Alon De Groot, Rafael Lewis, Alla Nagorsky.
264 1 _aWinona Lake, Indiana :
_bEisenbrauns,
_c2017.
300 _axvi, 240 páginas :
_bIlustraciones ;
_c24 centímetros
336 _atext
_2rdacontent
337 _aunmediated
_2rdamedia
338 _avolume
_2rdacarrier
504 _aBibliogafía : páginas 227-240.
505 _aChapter 1: Name, location, history of research and historical context -- Chapter 2: Survey methodology, objectives and fieldwork -- Chapter 3: Ceramic typology, distribution and chronology -- Chapter 4: Looted burial caves -- Chapter 5: Petrographic analysis of Iron Age ceramics -- Chapter 6: Pyrotechnical production activity: slag distribution and analysis -- Chapter 7: Royal jar handles with Imlk and private seal impressions.
526 _aP136
526 _aP135
526 _aP134
526 _aP133
526 _aP144
526 _aP143
526 _aP87
526 _aP35
526 _aP20
526 _aP14
526 _aP10
526 _aP06
650 0 _aExcavaciones (Arqueología)
_zIsrael.
650 0 _aExcavations (Archaeology)
_zIsrael.
651 0 _aIsrael
_xAntigüedades.
_95033
651 0 _aIsrael
_xAntiquities.
651 0 _aSocoh (Israel : Ciudad extinta)
651 0 _aSocoh (Israel : Extinct city)
700 1 _aGarfinkel, Yosef,
_eautor.
700 1 _aWeiss, Shifra,
_eautor.
910 _adbm
_bebj
_cebj
_d20171228
942 _2ddc
_cBOOK
949 _a933.44 H23
_wDEWEY
_c1
_i77853
_lCATALOGING
_mBUL
_p41.65
_r0
_sY
_tBOOK
_u2017-12-28
_xPOSGRADO
_PP85
_0DONACION
_o.STAFF. Colección Teología.
994 _aC0
_bPEPRU
596 _a1
999 _a933.44 H23
_wDEWEY
_c26523
_i77853
_d26523
_e2019-11-24
_f2021-11-11
_g4
_lCCODEBUL1
_mBUL
_n4
_p41.65
_r0
_sY
_tBOOK
_u2017-12-28
_xTEOLOGIA
_PP85
_0COMPRA
_o.STAFF. Colección Teología.
980 _81
_gALBERTO SANCHEZ Responsable de Automatización